000 01086nam a2200301 i 4500
001 bgj
003 BPK
005 20191002090814.0
008 s2001 uk f f |000 0 eng d
020 _a0582382734
040 _cBPK
041 0 _aeng
080 _a811.111
080 _a(07)
100 1 _aCunningham, Sarah.
245 1 0 _aCutting Edge :
_bpre-intermediate /
_cSarah Cunnigham, Peter Moor with Jane Comyns Carr.
260 _aHarlow, Essex :
_bLongman,
_c2001.
300 _a168 pp :
_bill. ;
_c30 cm.
505 _aIncludes mini dictionary in a pocket on a backcover.
505 _a"Cutting edge mini-dictionary pre-intermediate" by Deborah Tempest, translated by Agnieszka Leńko-Szymańska.
650 0 _aEnglish language
_xPre-intermediate
650 4 _aJęzyk angielski
_xpoziom średnio zaawansowany.
655 _aPodręcznik
700 1 _aMoor, Peter.
700 1 _aCarr Comyns, Jane.
856 _uhttp://koha.tu.koszalin.pl/cgi-bin/koha/opac-detail.pl?biblionumber=48511
_yKatalog online BPK
942 _cKS
_2UKD
999 _c48511
_d48511